| 000 | 00752nam a22002655i 4500 | ||
|---|---|---|---|
| 999 |
_c2786 _d2786 |
||
| 001 | 017113924 | ||
| 003 | Uk | ||
| 005 | 20230821111441.0 | ||
| 008 | 150318s2015 enk |||| ||eng | ||
| 016 | 7 |
_a017113924 _2Uk |
|
| 020 | _a9781107467392 (paperback) | ||
| 040 |
_aUk _beng _cUk _erda _dKH8 |
||
| 082 | 0 | 4 |
_a428.24 HOL _223 |
| 100 |
_aHolcombe, Garan, _eauthor. |
||
| 245 | 0 | 0 |
_aEyes open 1 : _bteacher's book / _cGaran Holcombe. |
| 264 | 1 |
_bCambridge University Press, _c2015. |
|
| 300 |
_a179 pages: _c8.1 x 0.4 x 11.6 inches |
||
| 336 |
_atext _2rdacontent |
||
| 337 |
_aunmediated _2rdamedia |
||
| 338 |
_avolume _2rdacarrier |
||
| 440 |
_aEyes Open _n1 |
||
| 500 | _aTeacher's Book | ||
| 650 |
_aEnglish _vTeacher's book |
||
| 942 |
_2ddc _cTR |
||